[Event "WYCC Girls U14"]
[Site "Porto Carras"]
[Date "2015.11.01"]
[Round "7.4"]
[White "Radeva, Viktoria"]
[Black "Coman, Emilia-Florentina"]
[Result "1-0"]
[BlackElo "1843"]
[WhiteElo "2145"]
[LiveChessVersion "1.4.6"]

1. e4 {[%clk 1:30:57]} e6 {[%clk 1:30:56]} 2. d4 {[%clk 1:31:23]} d5
{[%clk 1:31:20]} 3. Nd2 {[%clk 1:31:46]} c5 {[%clk 1:31:47]} 4. exd5
{[%clk 1:32:07]} Qxd5 {[%clk 1:32:10]} 5. Ngf3 {[%clk 1:32:25]} Nf6
{[%clk 1:32:28]} 6. Bc4 {[%clk 1:32:24]} Qd7 {[%clk 1:32:53]} 7. dxc5
{[%clk 1:31:04]} Bxc5 {[%clk 1:32:26]} 8. O-O {[%clk 1:31:07]} a6
{[%clk 1:29:02]} 9. a4 {[%clk 1:26:48]} b6 {[%clk 1:29:16]} 10. Qe2
{[%clk 1:24:59]} O-O {[%clk 1:25:39]} 11. Nb3 {[%clk 1:15:16]} Be7
{[%clk 1:20:36]} 12. Ne5 {[%clk 1:07:21]} Qc7 {[%clk 1:15:37]} 13. Bf4
{[%clk 1:01:01]} Bd6 {[%clk 1:10:44]} 14. Bg3 {[%clk 0:57:00]} Nc6
{[%clk 1:04:46]} 15. Nxc6 {[%clk 0:49:54]} Bxg3 {[%clk 1:01:42]} 16. hxg3
{[%clk 0:49:16]} Qxc6 {[%clk 1:02:03]} 17. Nd4 {[%clk 0:48:50]} Qe4
{[%clk 0:59:13]} 18. Qxe4 {[%clk 0:44:36]} Nxe4 {[%clk 0:59:02]} 19. Rfe1
{[%clk 0:44:52]} Bb7 {[%clk 0:56:32]} 20. Rad1 {[%clk 0:43:21]} Rac8
{[%clk 0:53:34]} 21. Bxa6 {[%clk 0:32:31]} Bxa6 {[%clk 0:50:26]} 22. Rxe4
{[%clk 0:32:54]} Rfd8 {[%clk 0:50:20]} 23. c3 {[%clk 0:29:04]} Rc4
{[%clk 0:44:58]} 24. Ra1 {[%clk 0:26:03]} Ra8 {[%clk 0:41:23]} 25. Re3
{[%clk 0:23:55]} Bb7 {[%clk 0:39:48]} 26. b3 {[%clk 0:21:43]} Rc5
{[%clk 0:39:50]} 27. Rae1 {[%clk 0:16:36]} Rac8 {[%clk 0:38:47]} 28. c4
{[%clk 0:15:21]} Rd8 {[%clk 0:36:42]} 29. Nf3 {[%clk 0:14:48]} Rc6
{[%clk 0:35:37]} 30. Ne5 {[%clk 0:09:56]} Rcd6 {[%clk 0:35:43]} 31. f3
{[%clk 0:06:43]} Rd2 {[%clk 0:32:41]} 32. R3e2 {[%clk 0:03:58]} h5
{[%clk 0:25:15]} 33. Kf2 {[%clk 0:02:02]} f6 {[%clk 0:24:31]} 34. Ng6
{[%clk 0:02:11]} Kf7 {[%clk 0:24:55]} 35. Nf4 {[%clk 0:01:05]} e5
{[%clk 0:24:49]} 36. Rxd2 {[%clk 0:00:40]} Rxd2+ {[%clk 0:25:12]} 37. Ne2
{[%clk 0:00:36]} Rb2 {[%clk 0:24:32]} 38. Rd1 {[%clk 0:00:58]} Bc8
{[%clk 0:24:36]} 39. Rd3 {[%clk 0:00:41]} Bf5 {[%clk 0:24:54]} 40. Rc3
{[%clk 0:30:41]} Bc2 {[%clk 0:54:24]} 41. b4 {[%clk 0:21:12]} Bd1
{[%clk 0:47:14]} 42. Re3 {[%clk 0:20:15]} Rxb4 {[%clk 0:44:45]} 43. Nc3
{[%clk 0:20:01]} Rb2+ {[%clk 0:44:13]} 44. Kg1 {[%clk 0:19:25]} Bb3
{[%clk 0:41:18]} 45. Re4 {[%clk 0:18:41]} Ke6 {[%clk 0:34:40]} 46. g4
{[%clk 0:13:49]} hxg4 {[%clk 0:25:39]} 47. Rxg4 {[%clk 0:14:07]} g5
{[%clk 0:25:42]} 48. Kh2 {[%clk 0:12:12]} Bc2 {[%clk 0:22:41]} 49. c5
{[%clk 0:04:27]} bxc5 {[%clk 0:21:30]} 50. Rc4 {[%clk 0:04:36]} Kd6
{[%clk 0:20:51]} 51. a5 {[%clk 0:03:46]} Bb3 {[%clk 0:11:24]} 52. Ne4+
{[%clk 0:04:06]} Ke6 {[%clk 0:10:59]} 53. Nxc5+ {[%clk 0:01:55]} Kd5
{[%clk 0:11:15]} 54. Rc3 {[%clk 0:02:05]} Bc4 {[%clk 0:06:45]} 55. Na4
{[%clk 0:01:53]} Rb3 {[%clk 0:00:38]} 56. Nb6+ {[%clk 0:02:16]} 1-0

[Event "WYCC Girls U14"]
[Site "Porto Carras"]
[Date "2015.11.01"]
[Round "7.5"]
[White "Jie, Tianhui"]
[Black "Wang, Annie"]
[Result "1/2-1/2"]
[BlackElo "2087"]
[WhiteElo "1792"]
[LiveChessVersion "1.4.6"]

1. d4 {[%clk 1:30:58]} Nf6 {[%clk 1:30:52]} 2. c4 {[%clk 1:31:23]} e6
{[%clk 1:31:17]} 3. Nf3 {[%clk 1:31:49]} d5 {[%clk 1:31:43]} 4. Nc3
{[%clk 1:32:13]} Be7 {[%clk 1:32:06]} 5. Bf4 {[%clk 1:32:14]} O-O
{[%clk 1:32:20]} 6. e3 {[%clk 1:32:41]} b6 {[%clk 1:32:31]} 7. Qc2
{[%clk 1:32:36]} c6 {[%clk 1:29:47]} 8. cxd5 {[%clk 1:30:12]} Nxd5
{[%clk 1:28:33]} 9. Nxd5 {[%clk 1:29:29]} exd5 {[%clk 1:28:04]} 10. Bd3
{[%clk 1:22:27]} Bb4+ {[%clk 1:25:26]} 11. Nd2 {[%clk 1:22:20]} h6
{[%clk 1:24:44]} 12. O-O {[%clk 1:20:02]} Bb7 {[%clk 1:22:37]} 13. Nf3
{[%clk 1:19:42]} Nd7 {[%clk 1:19:34]} 14. a3 {[%clk 1:18:29]} Be7
{[%clk 1:19:29]} 15. Ne5 {[%clk 1:16:04]} Nxe5 {[%clk 1:14:49]} 16. Bxe5
{[%clk 1:16:22]} Bd6 {[%clk 1:13:44]} 17. Bxd6 {[%clk 1:15:08]} Qxd6
{[%clk 1:14:00]} 18. b4 {[%clk 1:15:13]} Bc8 {[%clk 1:06:08]} 19. Rfc1
{[%clk 1:13:57]} Bd7 {[%clk 1:05:10]} 20. Rab1 {[%clk 1:05:51]} f5
{[%clk 1:00:25]} 21. Qb3 {[%clk 1:01:10]} Kh8 {[%clk 0:58:26]} 22. g3
{[%clk 0:56:51]} Rac8 {[%clk 0:55:39]} 23. Bf1 {[%clk 0:53:05]} Qe6
{[%clk 0:46:37]} 24. Bg2 {[%clk 0:52:29]} a6 {[%clk 0:45:17]} 25. a4
{[%clk 0:51:48]} Qd6 {[%clk 0:44:06]} 26. Qd3 {[%clk 0:51:04]} Ra8
{[%clk 0:41:00]} 27. Qb3 {[%clk 0:48:24]} Be6 {[%clk 0:38:14]} 28. Rc3
{[%clk 0:44:29]} Rfb8 {[%clk 0:35:09]} 29. Qc2 {[%clk 0:43:53]} Bd7
{[%clk 0:34:21]} 30. Qd2 {[%clk 0:41:00]} a5 {[%clk 0:31:34]} 31. Rcb3
{[%clk 0:37:53]} axb4 {[%clk 0:22:49]} 32. Rxb4 {[%clk 0:37:01]} b5
{[%clk 0:22:07]} 33. axb5 {[%clk 0:36:26]} cxb5 {[%clk 0:21:42]} 34. Bf1
{[%clk 0:35:23]} Ra5 {[%clk 0:19:58]} 35. Qb2 {[%clk 0:29:46]} Qa6
{[%clk 0:17:49]} 36. Qb3 {[%clk 0:29:20]} Qa8 {[%clk 0:17:08]} 37. Bg2
{[%clk 0:27:19]} Bc6 {[%clk 0:15:03]} 38. Qc2 {[%clk 0:25:00]} Ra2
{[%clk 0:13:00]} 39. R4b2 {[%clk 0:17:13]} Rxb2 {[%clk 0:12:29]} 40. Rxb2
{[%clk 0:47:19]} Bd7 {[%clk 0:41:52]} 41. Qb3 {[%clk 0:45:28]} Be6
{[%clk 0:41:20]} 42. Qb4 {[%clk 0:45:03]} Qc6 {[%clk 0:38:22]} 43. Rb1
{[%clk 0:37:33]} Qa6 {[%clk 0:32:36]} 44. Bf1 {[%clk 0:36:19]} Bd7
{[%clk 0:30:02]} 45. Qe7 {[%clk 0:34:09]} Qb7 {[%clk 0:28:00]} 46. Qb4
{[%clk 0:32:39]} Kh7 {[%clk 0:26:56]} 47. Bd3 {[%clk 0:31:27]} Kh8
{[%clk 0:25:14]} 48. Rc1 {[%clk 0:29:54]} Rc8 {[%clk 0:23:44]} 49. Rb1
{[%clk 0:27:10]} Ra8 {[%clk 0:17:22]} 50. Qc5 {[%clk 0:25:31]} Rc8
{[%clk 0:14:52]} 51. Qb4 {[%clk 0:25:10]} Rb8 {[%clk 0:13:15]} 52. Rc1
{[%clk 0:25:16]} Rc8 {[%clk 0:12:29]} 53. Rb1 {[%clk 0:25:20]} Ra8
{[%clk 0:11:53]} 54. Qd6 {[%clk 0:24:09]} Rb8 {[%clk 0:10:51]} 55. Qb4
{[%clk 0:23:48]} Qc8 {[%clk 0:10:45]} 56. Qb3 {[%clk 0:23:15]} Qc6
{[%clk 0:10:18]} 57. Qb4 {[%clk 0:23:04]} Kg8 {[%clk 0:09:55]} 58. Kg2
{[%clk 0:22:25]} Qc7 {[%clk 0:08:25]} 59. Rb2 {[%clk 0:20:33]} Rb7
{[%clk 0:05:29]} 60. Rc2 {[%clk 0:20:34]} Qb8 {[%clk 0:05:17]} 61. Qb3
{[%clk 0:20:42]} Qd6 {[%clk 0:04:45]} 62. Rc5 {[%clk 0:17:34]} b4
{[%clk 0:04:25]} 63. h4 {[%clk 0:17:01]} Kh8 {[%clk 0:04:04]} 64. Kh2
{[%clk 0:16:51]} Be6 {[%clk 0:04:17]} 65. Qa4 {[%clk 0:13:24]} Qb8
{[%clk 0:03:29]} 66. Bb5 {[%clk 0:11:17]} b3 {[%clk 0:03:05]} 67. Qxb3
{[%clk 0:10:42]} Bd7 {[%clk 0:02:50]} 68. Qxd5 {[%clk 0:10:47]} Bxb5
{[%clk 0:03:07]} 69. Qxf5 {[%clk 0:11:02]} Bd7 {[%clk 0:03:29]} 70. Qf3
{[%clk 0:10:37]} Be8 {[%clk 0:01:44]} 71. e4 {[%clk 0:10:19]} Bg6
{[%clk 0:01:23]} 72. e5 {[%clk 0:09:59]} Rf7 {[%clk 0:01:14]} 73. Qe2
{[%clk 0:09:34]} Qf8 {[%clk 0:01:12]} 74. f4 {[%clk 0:09:40]} Rf5
{[%clk 0:01:02]} 75. Qb2 {[%clk 0:08:45]} Qd8 {[%clk 0:00:56]} 76. d5
{[%clk 0:08:14]} Kh7 {[%clk 0:01:01]} 77. d6 {[%clk 0:08:33]} Rf7
{[%clk 0:00:58]} 78. Rb5 {[%clk 0:07:34]} Ra7 {[%clk 0:01:03]} 79. Rb7
{[%clk 0:07:22]} Rxb7 {[%clk 0:00:48]} 80. Qxb7 {[%clk 0:07:47]} Bf5
{[%clk 0:01:02]} 81. Qd5 {[%clk 0:07:23]} Qc8 {[%clk 0:00:54]} 82. Qd2
{[%clk 0:07:29]} Qc6 {[%clk 0:01:20]} 83. Qe2 {[%clk 0:06:38]} Qd7
{[%clk 0:00:57]} 84. Kg2 {[%clk 0:05:52]} Be6 {[%clk 0:01:02]} 85. Qd3+
{[%clk 0:05:47]} Kg8 {[%clk 0:01:26]} 86. Kf2 {[%clk 0:05:14]} Qf7
{[%clk 0:01:42]} 87. Qf3 {[%clk 0:05:20]} Qf5 {[%clk 0:01:35]} 88. Ke3
{[%clk 0:05:13]} h5 {[%clk 0:00:46]} 89. Qa8+ {[%clk 0:04:34]} Kf7
{[%clk 0:01:01]} 90. Qb7+ {[%clk 0:04:48]} Bd7 {[%clk 0:01:06]} 91. Kd4
{[%clk 0:04:45]} Qg4 {[%clk 0:01:00]} 92. Kc5 {[%clk 0:04:33]} Kg6
{[%clk 0:00:43]} 93. Qe4+ {[%clk 0:03:54]} Bf5 {[%clk 0:01:07]} 94. Qe3
{[%clk 0:03:54]} Be6 {[%clk 0:00:56]} 95. Qd3+ {[%clk 0:03:50]} Kh6
{[%clk 0:01:05]} 96. Kc6 {[%clk 0:03:48]} Bf5 {[%clk 0:01:08]} 97. Qe3
{[%clk 0:03:47]} 1/2-1/2

[Event "WYCC Girls U14"]
[Site "Porto Carras"]
[Date "2015.11.01"]
[Round "7.6"]
[White "Yan, Tianqi"]
[Black "Redondo Benavente, Ana"]
[Result "1/2-1/2"]
[BlackElo "2064"]
[WhiteElo "1799"]
[LiveChessVersion "1.4.6"]

1. e4 {[%clk 1:30:56]} e5 {[%clk 1:30:44]} 2. Nf3 {[%clk 1:31:20]} d6
{[%clk 1:30:56]} 3. c3 {[%clk 1:31:32]} Nf6 {[%clk 1:30:38]} 4. Bc4
{[%clk 1:22:09]} Nxe4 {[%clk 1:22:14]} 5. Qa4+ {[%clk 1:22:20]} Bd7
{[%clk 1:11:35]} 6. Bxf7+ {[%clk 1:22:40]} Kxf7 {[%clk 1:12:01]} 7. Qxe4
{[%clk 1:23:04]} Bc6 {[%clk 1:06:48]} 8. Qc4+ {[%clk 1:21:20]} Ke8
{[%clk 1:00:46]} 9. Qe6+ {[%clk 1:11:43]} Qe7 {[%clk 0:59:41]} 10. Qc8+
{[%clk 1:12:03]} Kf7 {[%clk 0:58:58]} 11. Qf5+ {[%clk 1:12:18]} Kg8
{[%clk 0:58:00]} 12. O-O {[%clk 1:11:31]} g6 {[%clk 0:55:29]} 13. Qg4
{[%clk 1:11:28]} Nd7 {[%clk 0:55:17]} 14. d3 {[%clk 1:04:02]} Bg7
{[%clk 0:53:16]} 15. Ng5 {[%clk 0:58:25]} h6 {[%clk 0:51:46]} 16. Ne4
{[%clk 0:54:17]} d5 {[%clk 0:49:05]} 17. Ng3 {[%clk 0:54:35]} Kh7
{[%clk 0:48:43]} 18. f4 {[%clk 0:53:30]} exf4 {[%clk 0:42:44]} 19. Bxf4
{[%clk 0:53:27]} Nc5 {[%clk 0:41:58]} 20. d4 {[%clk 0:50:01]} Nd3
{[%clk 0:39:16]} 21. Nf5 {[%clk 0:36:51]} Qe6 {[%clk 0:27:32]} 22. Ne3
{[%clk 0:34:02]} Nxf4 {[%clk 0:26:51]} 23. Qxf4 {[%clk 0:34:19]} Rhf8
{[%clk 0:26:33]} 24. Qg3 {[%clk 0:34:33]} Rxf1+ {[%clk 0:26:38]} 25. Nxf1
{[%clk 0:34:00]} Re8 {[%clk 0:23:01]} 26. Nbd2 {[%clk 0:33:05]} Re7
{[%clk 0:21:35]} 27. Nf3 {[%clk 0:30:21]} Qf5 {[%clk 0:21:18]} 28. Re1
{[%clk 0:28:45]} Rxe1 {[%clk 0:16:19]} 29. Qxe1 {[%clk 0:29:09]} Qc2
{[%clk 0:14:04]} 30. Qd2 {[%clk 0:29:11]} Qxd2 {[%clk 0:13:02]} 31. N1xd2
{[%clk 0:29:34]} g5 {[%clk 0:13:19]} 32. g4 {[%clk 0:29:16]} Bd7 {[%clk 0:12:59]}
33. h3 {[%clk 0:29:37]} Bf6 {[%clk 0:12:32]} 34. Kg2 {[%clk 0:29:49]} b6
{[%clk 0:12:02]} 35. Nf1 {[%clk 0:27:44]} c5 {[%clk 0:10:31]} 36. Ne3
{[%clk 0:27:57]} Bc6 {[%clk 0:10:21]} 37. Kf2 {[%clk 0:27:55]} Kg6
{[%clk 0:09:02]} 38. Kg2 {[%clk 0:26:19]} Kf7 {[%clk 0:06:53]} 39. Nf5
{[%clk 0:25:55]} Kg6 {[%clk 0:03:18]} 40. Ne3 {[%clk 0:55:38]} Bg7
{[%clk 0:32:13]} 41. Nf5 {[%clk 0:55:49]} Bf6 {[%clk 0:32:05]} 42. Ne3
{[%clk 0:54:50]} Kf7 {[%clk 0:28:31]} 1/2-1/2

[Event "WYCC Girls U14"]
[Site "Porto Carras"]
[Date "2015.11.01"]
[Round "7.7"]
[White "Du, Yuxin"]
[Black "Gomez Barrera, Javiera Belen"]
[Result "1-0"]
[BlackElo "1776"]
[WhiteElo "2053"]
[LiveChessVersion "1.4.6"]

1. e4 {[%clk 1:30:56]} e5 {[%clk 1:30:47]} 2. Nf3 {[%clk 1:31:19]} Nc6
{[%clk 1:31:13]} 3. Bb5 {[%clk 1:31:42]} a6 {[%clk 1:31:34]} 4. Ba4
{[%clk 1:31:46]} Nf6 {[%clk 1:31:49]} 5. d3 {[%clk 1:32:03]} Bc5 {[%clk 1:31:00]}
6. O-O {[%clk 1:32:17]} b5 {[%clk 1:29:42]} 7. Bb3 {[%clk 1:32:41]} d6
{[%clk 1:29:28]} 8. c3 {[%clk 1:32:45]} Bb6 {[%clk 1:27:46]} 9. Bg5
{[%clk 1:22:58]} O-O {[%clk 1:21:58]} 10. h3 {[%clk 1:18:30]} h6 {[%clk 1:09:47]}
11. Bh4 {[%clk 1:06:06]} Be6 {[%clk 1:04:52]} 12. Nbd2 {[%clk 0:37:45]} Kh7
{[%clk 0:47:34]} 13. Bd5 {[%clk 0:26:11]} Bxd5 {[%clk 0:41:00]} 14. exd5
{[%clk 0:26:30]} Ne7 {[%clk 0:37:19]} 15. Bxf6 {[%clk 0:21:00]} gxf6
{[%clk 0:37:47]} 16. Nh4 {[%clk 0:11:24]} Nxd5 {[%clk 0:21:51]} 17. g3
{[%clk 0:10:28]} Rg8 {[%clk 0:12:17]} 18. Kh2 {[%clk 0:10:32]} Qd7
{[%clk 0:07:48]} 19. Qf3 {[%clk 0:09:48]} Qe6 {[%clk 0:07:56]} 20. Ne4
{[%clk 0:09:21]} Kg7 {[%clk 0:06:32]} 21. Nf5+ {[%clk 0:08:24]} Kg6
{[%clk 0:05:54]} 22. Nh4+ {[%clk 0:05:28]} Kg7 {[%clk 0:06:23]} 23. Nf5+
{[%clk 0:05:11]} Kg6 {[%clk 0:04:21]} 24. Qg4+ {[%clk 0:03:25]} Kh7
{[%clk 0:04:44]} 25. Qh5 {[%clk 0:03:02]} Rg6 {[%clk 0:05:02]} 26. Nh4
{[%clk 0:02:41]} Rgg8 {[%clk 0:03:53]} 27. Nf5 {[%clk 0:02:24]} Rg6
{[%clk 0:04:21]} 28. Qf3 {[%clk 0:01:47]} Rag8 {[%clk 0:00:37]} 29. Nh4
{[%clk 0:01:26]} Ne7 {[%clk 0:00:35]} 30. Nxg6 {[%clk 0:01:24]} Rxg6
{[%clk 0:01:05]} 31. h4 {[%clk 0:00:51]} Ng8 {[%clk 0:00:42]} 32. a4
{[%clk 0:00:55]} d5 {[%clk 0:00:42]} 33. Nd2 {[%clk 0:01:07]} f5 {[%clk 0:00:53]}
34. axb5 {[%clk 0:00:59]} axb5 {[%clk 0:01:21]} 35. Rae1 {[%clk 0:00:55]} e4
{[%clk 0:01:42]} 36. Qe2 {[%clk 0:00:52]} Qd6 {[%clk 0:01:38]} 37. dxe4
{[%clk 0:00:56]} dxe4 {[%clk 0:01:43]} 38. Rd1 {[%clk 0:00:54]} Qe5
{[%clk 0:02:12]} 39. Rde1 {[%clk 0:00:47]} Qd6 {[%clk 0:01:15]} 40. Rd1
{[%clk 0:30:57]} Qe5 {[%clk 0:31:44]} 41. Nf3 {[%clk 0:17:31]} Qf6
{[%clk 0:31:33]} 42. Nd4 {[%clk 0:16:43]} c6 {[%clk 0:32:02]} 43. Nc2
{[%clk 0:06:43]} Bc7 {[%clk 0:32:12]} 44. Kh3 {[%clk 0:06:03]} Qe6
{[%clk 0:31:24]} 45. Nd4 {[%clk 0:05:54]} Qe5 {[%clk 0:31:34]} 46. f4
{[%clk 0:04:47]} Qc5 {[%clk 0:28:37]} 47. Qh5 {[%clk 0:03:59]} Ne7
{[%clk 0:28:12]} 48. Rfe1 {[%clk 0:03:34]} Qd5 {[%clk 0:23:08]} 49. Nc2
{[%clk 0:02:14]} Qe6 {[%clk 0:23:11]} 50. Ne3 {[%clk 0:02:13]} Rf6
{[%clk 0:22:34]} 51. Qe2 {[%clk 0:02:13]} Nc8 {[%clk 0:20:38]} 52. c4
{[%clk 0:01:52]} b4 {[%clk 0:19:50]} 53. b3 {[%clk 0:01:48]} Ne7 {[%clk 0:18:48]}
54. Qd2 {[%clk 0:01:43]} Bd6 {[%clk 0:18:36]} 55. h5 {[%clk 0:01:36]} Qc8
{[%clk 0:17:15]} 56. Qd4 {[%clk 0:02:00]} Re6 {[%clk 0:17:02]} 57. c5
{[%clk 0:02:14]} Bb8 {[%clk 0:16:38]} 58. Qxb4 {[%clk 0:02:14]} 1-0

[Event "WYCC Girls U14"]
[Site "Porto Carras"]
[Date "2015.11.01"]
[Round "7.8"]
[White "Dolbieva, Ksenia"]
[Black "Grigoryan, Arpine"]
[Result "0-1"]
[BlackElo "1946"]
[WhiteElo "1783"]
[LiveChessVersion "1.4.6"]

1. Nf3 {[%clk 1:30:57]} Nf6 {[%clk 1:30:55]} 2. c4 {[%clk 1:31:23]} e6
{[%clk 1:31:21]} 3. Nc3 {[%clk 1:31:38]} b6 {[%clk 1:31:33]} 4. g3
{[%clk 1:32:04]} c5 {[%clk 1:31:29]} 5. Bg2 {[%clk 1:32:26]} Bb7 {[%clk 1:31:48]}
6. O-O {[%clk 1:32:46]} Be7 {[%clk 1:31:36]} 7. d4 {[%clk 1:33:09]} cxd4
{[%clk 1:31:48]} 8. Qxd4 {[%clk 1:33:35]} d6 {[%clk 1:31:16]} 9. Rd1
{[%clk 1:33:20]} a6 {[%clk 1:30:47]} 10. b3 {[%clk 1:31:52]} Nbd7
{[%clk 1:14:48]} 11. Bb2 {[%clk 1:30:01]} O-O {[%clk 1:11:18]} 12. e4
{[%clk 1:29:03]} Qc7 {[%clk 1:04:45]} 13. Rac1 {[%clk 1:28:02]} Rfd8
{[%clk 0:53:43]} 14. h3 {[%clk 1:22:17]} Bf8 {[%clk 0:49:09]} 15. Qe3
{[%clk 1:15:53]} Rac8 {[%clk 0:43:11]} 16. Nd4 {[%clk 1:12:40]} Qb8
{[%clk 0:41:08]} 17. Rc2 {[%clk 1:05:37]} Qa8 {[%clk 0:38:20]} 18. Re2
{[%clk 1:03:44]} Nc5 {[%clk 0:34:37]} 19. f4 {[%clk 0:58:41]} e5 {[%clk 0:22:48]}
20. Nf5 {[%clk 0:52:10]} g6 {[%clk 0:21:37]} 21. fxe5 {[%clk 0:43:12]} dxe5
{[%clk 0:22:00]} 22. Rxd8 {[%clk 0:40:25]} Rxd8 {[%clk 0:22:26]} 23. Nh6+
{[%clk 0:27:34]} Bxh6 {[%clk 0:22:39]} 24. Qxh6 {[%clk 0:28:02]} Ncxe4
{[%clk 0:21:45]} 25. Nxe4 {[%clk 0:23:56]} Bxe4 {[%clk 0:21:53]} 26. Bxe5
{[%clk 0:16:58]} Rd1+ {[%clk 0:18:30]} 27. Kh2 {[%clk 0:17:13]} Bxg2
{[%clk 0:18:52]} 28. Rxg2 {[%clk 0:17:40]} Nh5 {[%clk 0:15:19]} 29. g4
{[%clk 0:11:41]} Qe4 {[%clk 0:14:49]} 30. Qg5 {[%clk 0:03:12]} f6
{[%clk 0:13:53]} 31. Bxf6 {[%clk 0:03:23]} Nf4 {[%clk 0:14:18]} 32. Rb2
{[%clk 0:00:34]} Rh1+ {[%clk 0:14:31]} 33. Kg3 {[%clk 0:01:01]} Rxh3+
{[%clk 0:14:53]} 34. Kf2 {[%clk 0:01:27]} Qg2+ {[%clk 0:15:10]} 35. Ke1
{[%clk 0:01:54]} Rh1# {[%clk 0:15:33]} 0-1

[Event "WYCC Girls U14"]
[Site "Porto Carras"]
[Date "2015.11.01"]
[Round "7.9"]
[White "Arda, Cagil Irmak"]
[Black "Caballero Quijano, Mitzy Mishe"]
[Result "1-0"]
[BlackElo "1848"]
[WhiteElo "1764"]
[LiveChessVersion "1.4.6"]

1. e4 {[%clk 1:30:08]} e6 {[%clk 1:30:52]} 2. d3 {[%clk 1:30:11]} d5
{[%clk 1:31:16]} 3. Nd2 {[%clk 1:30:32]} Nf6 {[%clk 1:31:32]} 4. Ngf3
{[%clk 1:30:45]} Nc6 {[%clk 1:31:42]} 5. c3 {[%clk 1:31:03]} a5 {[%clk 1:31:56]}
6. Be2 {[%clk 1:31:00]} Be7 {[%clk 1:30:51]} 7. O-O {[%clk 1:25:22]} O-O
{[%clk 1:31:16]} 8. Re1 {[%clk 1:24:46]} Re8 {[%clk 1:19:03]} 9. e5
{[%clk 1:21:02]} Nd7 {[%clk 1:18:52]} 10. d4 {[%clk 1:21:14]} f5 {[%clk 1:17:51]}
11. Nf1 {[%clk 1:09:45]} Nf8 {[%clk 1:18:00]} 12. h3 {[%clk 1:07:50]} h6
{[%clk 1:03:32]} 13. Bd2 {[%clk 0:50:24]} Nh7 {[%clk 0:58:11]} 14. Qc1
{[%clk 0:48:35]} Kh8 {[%clk 0:55:28]} 15. g3 {[%clk 0:38:04]} Rg8
{[%clk 0:48:52]} 16. Bd3 {[%clk 0:33:03]} Qe8 {[%clk 0:44:53]} 17. Kg2
{[%clk 0:29:37]} g5 {[%clk 0:44:32]} 18. g4 {[%clk 0:24:50]} Qf7 {[%clk 0:38:59]}
19. c4 {[%clk 0:17:25]} Nb4 {[%clk 0:35:53]} 20. Bb1 {[%clk 0:17:06]} b6
{[%clk 0:32:13]} 21. a3 {[%clk 0:12:41]} Na6 {[%clk 0:32:14]} 22. cxd5
{[%clk 0:12:52]} Bb7 {[%clk 0:29:29]} 23. gxf5 {[%clk 0:10:05]} g4
{[%clk 0:19:08]} 24. hxg4 {[%clk 0:09:53]} Rxg4+ {[%clk 0:19:31]} 25. Ng3
{[%clk 0:10:05]} Bxd5 {[%clk 0:19:53]} 26. f6 {[%clk 0:09:28]} Rag8
{[%clk 0:13:10]} 27. Bxh6 {[%clk 0:03:14]} Bxf6 {[%clk 0:11:55]} 28. exf6
{[%clk 0:03:31]} Qxf6 {[%clk 0:12:19]} 29. Qe3 {[%clk 0:03:28]} Ng5
{[%clk 0:06:37]} 30. Bxg5 {[%clk 0:02:47]} R8xg5 {[%clk 0:06:59]} 31. Ba2
{[%clk 0:01:31]} Bxf3+ {[%clk 0:06:07]} 32. Qxf3 {[%clk 0:01:55]} Qxf3+
{[%clk 0:06:31]} 33. Kxf3 {[%clk 0:02:22]} Rxd4 {[%clk 0:06:53]} 34. Rxe6
{[%clk 0:01:43]} 1-0

[Event "WYCC Girls U14"]
[Site "Porto Carras"]
[Date "2015.11.01"]
[Round "7.10"]
[White "Kalaiyalahan, Akshaya"]
[Black "Ouellet, Maili-Jade"]
[Result "1-0"]
[BlackElo "2005"]
[WhiteElo "2233"]
[LiveChessVersion "1.4.6"]

1. Nf3 {[%clk 1:30:53]} d5 {[%clk 1:30:57]} 2. g3 {[%clk 1:31:13]} c6
{[%clk 1:31:21]} 3. Bg2 {[%clk 1:31:34]} Bg4 {[%clk 1:31:41]} 4. c4
{[%clk 1:31:49]} dxc4 {[%clk 1:29:34]} 5. Qc2 {[%clk 1:30:43]} Nd7
{[%clk 1:28:58]} 6. Qxc4 {[%clk 1:25:50]} Ngf6 {[%clk 1:27:35]} 7. Qc2
{[%clk 1:22:17]} e5 {[%clk 1:26:58]} 8. d3 {[%clk 1:22:22]} Bc5 {[%clk 1:25:54]}
9. O-O {[%clk 1:15:35]} O-O {[%clk 1:25:25]} 10. Nbd2 {[%clk 1:13:31]} Re8
{[%clk 1:24:31]} 11. b3 {[%clk 1:11:45]} Qe7 {[%clk 1:23:31]} 12. Bb2
{[%clk 1:08:21]} Rad8 {[%clk 1:19:37]} 13. h3 {[%clk 1:06:28]} Bxf3
{[%clk 1:18:11]} 14. Bxf3 {[%clk 1:06:25]} Nb6 {[%clk 1:03:23]} 15. a3
{[%clk 0:59:10]} a5 {[%clk 1:02:11]} 16. Bc3 {[%clk 0:51:09]} Nbd5
{[%clk 0:53:05]} 17. Bb2 {[%clk 0:51:28]} b5 {[%clk 0:45:13]} 18. Rfc1
{[%clk 0:46:25]} Bd4 {[%clk 0:19:16]} 19. e4 {[%clk 0:37:37]} Bxb2
{[%clk 0:17:51]} 20. Qxb2 {[%clk 0:38:03]} Nc7 {[%clk 0:17:50]} 21. Be2
{[%clk 0:36:16]} Ne6 {[%clk 0:12:44]} 22. Nf3 {[%clk 0:35:57]} Nd4
{[%clk 0:11:00]} 23. Nxd4 {[%clk 0:36:15]} exd4 {[%clk 0:09:33]} 24. Bf1
{[%clk 0:28:18]} Qe6 {[%clk 0:08:33]} 25. b4 {[%clk 0:27:22]} a4 {[%clk 0:07:30]}
26. f4 {[%clk 0:26:33]} Re7 {[%clk 0:05:23]} 27. Rc5 {[%clk 0:25:03]} Ne8
{[%clk 0:03:43]} 28. Rac1 {[%clk 0:24:23]} Rc7 {[%clk 0:03:55]} 29. Bg2
{[%clk 0:21:58]} f6 {[%clk 0:01:06]} 30. e5 {[%clk 0:20:30]} fxe5
{[%clk 0:01:15]} 31. Rxe5 {[%clk 0:20:34]} Qg6 {[%clk 0:01:19]} 32. Qe2
{[%clk 0:18:43]} Rdc8 {[%clk 0:01:20]} 33. f5 {[%clk 0:17:21]} Qf7
{[%clk 0:00:32]} 34. Rxc6 {[%clk 0:14:18]} Nf6 {[%clk 0:00:34]} 35. Rxc7
{[%clk 0:13:40]} Qxc7 {[%clk 0:00:41]} 36. Rc5 {[%clk 0:12:06]} Qd7
{[%clk 0:00:46]} 37. Rxc8+ {[%clk 0:11:08]} Qxc8 {[%clk 0:01:15]} 38. Qe6+
{[%clk 0:11:11]} Qxe6 {[%clk 0:01:40]} 39. fxe6 {[%clk 0:11:38]} Ne8
{[%clk 0:01:08]} 40. Bc6 {[%clk 0:40:04]} Nd6 {[%clk 0:31:09]} 41. e7
{[%clk 0:36:47]} Kf7 {[%clk 0:31:34]} 42. e8=Q+ 1-0

[Event "WYCC Girls U14"]
[Site "Porto Carras"]
[Date "2015.11.01"]
[Round "7.11"]
[White "Kovacs, Judit"]
[Black "Balajayeva, Khanim"]
[Result "1/2-1/2"]
[BlackElo "2164"]
[WhiteElo "1950"]
[LiveChessVersion "1.4.6"]

1. Nf3 {[%clk 1:30:58]} d5 {[%clk 1:30:53]} 2. c4 {[%clk 1:31:23]} e6
{[%clk 1:31:09]} 3. g3 {[%clk 1:31:39]} Nf6 {[%clk 1:30:19]} 4. Bg2
{[%clk 1:31:45]} c5 {[%clk 1:30:21]} 5. cxd5 {[%clk 1:31:56]} exd5
{[%clk 1:30:34]} 6. d4 {[%clk 1:31:42]} Nc6 {[%clk 1:30:38]} 7. O-O
{[%clk 1:29:39]} Be7 {[%clk 1:30:37]} 8. Nc3 {[%clk 1:29:53]} O-O
{[%clk 1:30:57]} 9. Bg5 {[%clk 1:29:10]} cxd4 {[%clk 1:30:59]} 10. Nxd4
{[%clk 1:28:50]} h6 {[%clk 1:31:17]} 11. Bf4 {[%clk 1:27:16]} Bg4
{[%clk 1:27:11]} 12. h3 {[%clk 1:26:41]} Be6 {[%clk 1:26:55]} 13. Nxe6
{[%clk 1:18:32]} fxe6 {[%clk 1:27:12]} 14. e4 {[%clk 1:13:54]} d4
{[%clk 1:25:29]} 15. e5 {[%clk 1:12:20]} dxc3 {[%clk 1:20:48]} 16. exf6
{[%clk 1:12:19]} Bxf6 {[%clk 1:20:56]} 17. bxc3 {[%clk 1:12:25]} Bxc3
{[%clk 1:18:28]} 18. Rc1 {[%clk 1:10:37]} Qf6 {[%clk 1:09:29]} 19. Bxc6
{[%clk 0:56:32]} bxc6 {[%clk 1:09:51]} 20. Qb3 {[%clk 0:56:26]} Be5
{[%clk 1:01:11]} 21. Bxe5 {[%clk 0:52:54]} Qxe5 {[%clk 1:01:35]} 22. Rxc6
{[%clk 0:53:04]} Rf6 {[%clk 0:58:59]} 23. Qc3 {[%clk 0:39:20]} Qf5
{[%clk 0:56:21]} 24. h4 {[%clk 0:38:08]} Raf8 {[%clk 0:54:18]} 25. Rc8
{[%clk 0:35:32]} Rxc8 {[%clk 0:46:48]} 26. Qxc8+ {[%clk 0:35:50]} Kh7
{[%clk 0:47:04]} 27. Qc3 {[%clk 0:33:39]} Rf7 {[%clk 0:37:31]} 28. Qe3
{[%clk 0:29:38]} Qd5 {[%clk 0:36:04]} 29. Qe2 {[%clk 0:26:52]} Rc7
{[%clk 0:27:14]} 30. Re1 {[%clk 0:25:45]} Rc6 {[%clk 0:27:00]} 31. Qe3
{[%clk 0:23:23]} a5 {[%clk 0:18:00]} 1/2-1/2